000 00483nam a2200157 a 4500
008 120416s1980 ||||||||||||||||| || u
020 _a0333274091
050 _aPR 6070.R48H5
100 _aTripp, Miles
245 1 0 _aHigh heels
260 _aLondon:
_bMacmillan
_c1980
300 _avi, 189p.
350 _a0.00
650 _aENGLISH LANGUAGE
995 _D0.00
_FCBU-MAIN LIBRARY (Kitwe)
_H1
_I0.00
_M1
_UAVAILABLE
_ZFiction Collection
999 _c45513
_d45513